Statistics for National Capitals by Letter - H

Click here to take the quiz!

General Stats

  • This quiz has been taken 175 times
  • The average score is 4 of 5

Answer Stats

Answer% Correct
Helsinki
84%
Harare
82%
Hanoi
80%
Havana
70%
Honiara
66%

Score Distribution

Percentile by Number Answered

Percent of People with Each Score

Your Score History

You have not taken this quiz